Fundamentals of behavioral statistics/ (Record no. 806)

MARC details
000 -LEADER
fixed length control field 00524nam a2200193 a 4500
005 - DATE AND TIME OF LATEST TRANSACTION
control field 20260322212035.0
008 - FIXED-LENGTH DATA ELEMENTS--GENERAL INFORMATION
fixed length control field data
010 ## - LIBRARY OF CONGRESS CONTROL NUMBER
LC control number 79-017817
090 ## - LOCALLY ASSIGNED LC-TYPE CALL NUMBER (OCLC); LOCAL CALL NUMBER (RLIN)
Classification number (OCLC) (R) ; Classification number, CALL (RLIN) (NR) HA 29 R85 1980
001 - CONTROL NUMBER
control field data
100 1# - MAIN ENTRY--PERSONAL NAME
Personal name Runyon, Richard P.
245 10 - TITLE STATEMENT
Title Fundamentals of behavioral statistics/
Statement of responsibility, etc. Richard P. Runyon.
250 ## - EDITION STATEMENT
Edition statement 4th ed.
260 ## - PUBLICATION, DISTRIBUTION, ETC.
Place of publication, distribution, etc. Reading, Mass.
Name of publisher, distributor, etc. Addison-Wesley
Date of publication, distribution, etc. c1980
300 ## - PHYSICAL DESCRIPTION
Extent xii, 462 p. :
Other physical details ill.
500 ## - GENERAL NOTE
General note Includes bibliographical references and index.
650 02 - SUBJECT ADDED ENTRY--TOPICAL TERM
Topical term or geographic name entry element Social Sciences
General subdivision Aged
650 02 - SUBJECT ADDED ENTRY--TOPICAL TERM
Topical term or geographic name entry element Statistics
Holdings
Withdrawn status Lost status Damaged status Not for loan Home library Current library Shelving location Date acquired Total checkouts Full call number Barcode Date last seen Price effective from Koha item type
        Riverside Riverside General stacks 22/03/2026   GEN BC0010830 22/03/2026 22/03/2026 Books